000 00564nam a2200181 i 4500
001 103835
003 ES-MaACL
005 20230906183444.0
007 t|
008 051118s1970 sp ||||1| spa d
100 1 _aMerrien, Jean.
_980597
245 1 0 _aHistoria mundial de los piratas, filibusteros y negreros /
_cJean Merrien; [versión de Eduardo Bittini].
250 _a[1ª ed.].
260 _aBarcelona :
_bCaralt,
_c1970.
300 _a478 p., 16 lám. :
_bil. ;
_c22 cm.
700 1 _aBittini, Eduardo.
_929030
852 _aES-MaACL
_jC-38468
_bR.73326
999 _c103835
_d103835